荒流
| 資料類型: | 圖書 | 書目號: | 48263 |
Leader xxxxxxxxxx 001 __ PCLIS00048263 005 __ 20120207100349.0008 010 0_ |a978-986-6665-96-7|b平裝|dNT$340 042 __ |anbic 100 __ |a20111205d2011 m y0chiy50 e 101 0_ |achi 102 __ |atw 105 __ |ay z 000ay 200 1_ |a荒流|e|f微風婕蘭著 205 __ |a初版 210 __ |a新北市|c繆思出版|c遠足發行|d2011[民100] 215 0_ |a430面|c|d21公分 225 2_ |a萬花鏡|v20 300 __ |a 410 _0 |12001 |a萬花鏡|v20 606 __ |a長篇小說|2csh 681 __ |a857.7|b2744.1 700 _0 |a微風婕蘭|b|4著 702 __ |a|b|4 801 _0 |atw|bNDHU|c20111114|gCCR |